000 03958cam a2201201 i 4500
999 _c64348
_d64348
001 15430825
003 CO-MdFUSB
005 20180808114949.0
008 080827t2009 miu g b 001 0 eng
010 _a 2008037973
020 _a9780801031502 (pbk.)
020 _a0801031508 (pbk.)
040 _aDLC
_cCO-MdFUSB
_dCO-MdFUSB
_dIOT
_dLNT
_dC#P
_dDLC
_bspa
_erda
041 _aeng
082 0 0 _224
_aG 215
_bS416s
245 0 2 _aA science and religion primer
_c/ editado por Heidi A. Campbell y Heather Looy
264 1 _aGrand Rapids, Mich. :
_bBaker Academic,
_c℗2009
264 4 _c©2009
300 _a230 p. ;
_c23 cm.
336 _2rdacontent
_atexto
_btxt
337 _2rdamedia
_asin mediación
_bn
338 _2rdacarrier
_avolumen
_bnc
501 _aIncluye indice (páginas 227- 230)
504 _aIncluye bibliografías
505 0 _aSección 1. Ensayos introductorios sobre ciencia y religión. Historia del diálogo ciencia/religión / Peter Harrison -- El papel de la filosofía en el diálogo ciencia/religión / Nancey Murphy -- La intersección de la teología con el diálogo ciencia/religión / Celia Deane-Drummond -- Ciencia y tecnología a la luz de la religión / Holmes Rolston III -- Sección 2. Entradas.
650 7 _aReligión y ciencia
_9259
700 1 _aCampbell, Heidi,
_d1970-
700 1 _aLooy, Heather,
_d1961-
720 _aAchtner, Wolfgang
720 _aBarker, Peter
720 _aBarton, Ruth
720 _aBishop, Robert C.
720 _aBouma, Hessel
720 _aBoyd, Craig A.
720 _aBradatan, Costica
720 _aBrannan, Daniel K.
720 _aBrown, Paul D.
720 _aClarke, Steve
720 _aCreegan, Nicola Hoggard
720 _aDavis, Edward B.
720 _aDeane-Drummond, Celia
720 _aDelamarter, Steve
720 _aDudiak, Jeffrey
720 _aEdwards, Denis
720 _aGarner, Stephen
720 _aGillett, Carl
720 _aGschwandtner, Christina M.
720 _aHarrison, Peter
720 _aHenry, John
720 _aHowell, Russell W.
720 _aJohnson-Aldridge, Larissa
720 _aJudisch, Neal
720 _aKnight, David M.
720 _aLamoureux, Denis O.
720 _aLongstreet, C. Shaun
720 _aMartin, Brian
720 _aMcDonald, Patrick
720 _aMcGrath, Alister
720 _aMcMullin, Ernan
720 _aMeisinger, Hubert
720 _aMiner, Maureen
720 _aMitchell, C. Ben
720 _aMoore, Pete
720 _aMullins, Phil
720 _aMurphy, Nancey
720 _aNield, Donald A.
720 _aOBrien, Graham J.
720 _aOkholm, Dennis
720 _aOord, Thomas Jay
720 _aPandikattu, Kuruvilla
720 _aPeterson, Gregory R.
720 _aPeterson, Michael L.
720 _aPowell, Samuel M.
720 _aRagland, C.P.
720 _aRatzsch, Del
720 _aReimer, Kevin
720 _aRoche, John
720 _aRolnick, Philip A.
720 _aRolston, Holmes III
720 _aRoper, Duncan L.
720 _aRussell, Robert J.
720 _aSeybold, Kevin
720 _aShults, F. LeRon
720 _aSikkema, Arnold E.
720 _aSimmons, James K.
720 _aSnobelen, Stephen D.
720 _aStiling, Rodney L.
720 _aStump, James B.
720 _aTillinghast, Henry S.
720 _aTro, Nivaldo J.
720 _aVan De Merwe, Willem P.
720 _aWaters, Brent
720 _aWilson, Philip K.
720 _aWood, John R.
720 _aWoolley, Thomas W.
906 _a7
_bcbc
_corignew
_d1
_eecip
_f20
_gy-gencatlg
942 _cBK